Developments in the law of tenders: radical or evolutionary development? (Record no. 73292)

MARC details
000 -LEADER
fixed length control field 01035cam a2200205 4500
001 - CONTROL NUMBER
control field ABS66955
008 - FIXED-LENGTH DATA ELEMENTS--GENERAL INFORMATION
fixed length control field 030828n2003 000 0 eng u
035 ## - SYSTEM CONTROL NUMBER
System control number (Sirsi) u123388
100 ## - MAIN ENTRY--PERSONAL NAME
Personal name Craig, R.
245 ## - TITLE STATEMENT
Title Developments in the law of tenders: radical or evolutionary development?
260 ## - PUBLICATION, DISTRIBUTION, ETC.
Date of publication, distribution, etc. 2003
490 ## - SERIES STATEMENT
Series statement Construction Law Journal
Volume/sequential designation 19(5) 2003, 237-257(21)
520 ## - SUMMARY, ETC.
Summary, etc. Uses several cases in England and Canada to discuss whether claims might be brought by dissatisfied tenderers against private parties. Cites thedecision in "R in Right of Ontario v Ron Engineering and Construction Eastern Ltd" ([1981] 4 Const L J 241), which concluded that a bid may not be irrevocable in all tendering contracts. Analyses the effect this decision had on future judgments.
590 ## - LOCAL NOTE (RLIN)
Local note ABS
650 ## - SUBJECT ADDED ENTRY--TOPICAL TERM
Topical term or geographic name entry element CANADA
650 ## - SUBJECT ADDED ENTRY--TOPICAL TERM
Topical term or geographic name entry element R IN RIGHT OF ONTARIO V RON ENGINEERING AND CONSTRUCTION EASTERN LTD
650 ## - SUBJECT ADDED ENTRY--TOPICAL TERM
Topical term or geographic name entry element TENDER EVALUATION
690 ## - LOCAL SUBJECT ADDED ENTRY--TOPICAL TERM (OCLC, RLIN)
Topical term or geographic name as entry element BUILDING AND CONSTRUCTION-PROCUREMENT, PARTNERING, TENDERING-CASE LAW
942 ## - ADDED ENTRY ELEMENTS (KOHA)
Suppress in OPAC 0
Holdings
Withdrawn status Lost status Source of classification or shelving scheme Damaged status Not for loan Home library Current library Shelving location Date acquired Total Checkouts Full call number Barcode Date last seen Copy number Price effective from Koha item type
    Dewey Decimal Classification     London London Journal article 28/08/2003   ABS66955 123388-1001 06/08/2019 1 06/08/2019 Journal article